Spell the Marvel Character #415 - Statistics

General Stats
  • This quiz has been taken 13 times
  • The average score is 6 of 8
Answer Stats
Picture Answer % Correct
Iron Man
100%
Elektra
92%
Thor (Jane Foster)
92%
Rockslide
77%
Stinger
69%
Striker
69%
Karnak
62%
Reptil
54%
No matching quizzes found
Score Distribution
Percent of People with Each Score
Percentile by Number Answered
Your Score History
You have not taken this quiz